000 00227nam a22000857a 4500
008 170613b xxu||||| |||| 00| 0 eng d
100 _93373
_aAggarwal. K
245 _aEnglish course with activities
260 _aNew Delhi
_bPrachi
_c2010
999 _c6710
_d6710